| 000 | 00522nam a2200181Ia 4500 | ||
|---|---|---|---|
| 003 | OSt | ||
| 005 | 20250208122344.0 | ||
| 008 | 210210b1947 xxu||||| |||| 00| 0 eng d | ||
| 040 | _cAL | ||
| 041 | _akan | ||
| 082 | _a853/411 | ||
| 100 |
_aVINAYAKA KRASHNA GOKAKA _9161845 _dವಿನಾಯಕ ಕೃಷ್ಣ ಗೋಕಾಕ. |
||
| 245 |
_aYugantara: _bಯುಗಾಂತರ |
||
| 260 |
_aDharavada _bManohara Grantha Prakashana Samiti _c1947 |
||
| 690 |
_aKannada Drama _9161846 |
||
| 906 | _a019686 | ||
| 942 |
_2ddc _cBK |
||
| 999 |
_c143827 _d143827 |
||